Регионална библиотека "Любен Каравелов" - Русе

Позитанско царство и други пародии, в копродукция с известни български писатели (Запис номер 392486)

MARC детайли
000 -Лидер
Контролно поле с фиксирана дължина 01428nam a2200349 c 4500
003 - Код на организацията, давaща контролен номер
Контролно поле BLK
005 - Дата и час на последна редакция
Контролно поле 20250620085032.0
008 - Елементи от данни с фиксирана дължина
fixed length control field 180410b bul|||||r ||||||| ||bul||
010 ## - Наследен системен номер
LC control number KNG00152193000
020 ## - Международен стандартен номер на книга ISBN
Международен стандартен номер на книга ISBN 9789542833352
040 ## - Източник на каталожния запис
Идентификатор на билиотеката - собственик на записа BLK
041 ## - Код за език
Код за езика на текст/звукозапис или на отделно заглавие Български
Код за езика КДБФ Български
072 #7 - Код за тематичната категория
Код организация bullib
Код за тематична категория Н84
Текст Българска художествена литература Н
080 ## - УДК
Текстов определител УДК Българска литература
УДК код - определител по УДК 821.163.2
УДК определител -313
УДК - код + определител 821.163.2-313
100 1# - Редна дума - Автор
Автор Вешим, Михаил
Пълна форма на името Мишев, Михаил Георгиев
Дати, свързани с автора 17.09.1960 -
Авторска отговорност първи автор
R(LIN) 47854
139 ## - Редно поле
Редна дума Вешим, Михаил
Авторски знак Вет - В 53
245 10 - Сведения за заглавието
Заглавие Позитанско царство и други пародии, в копродукция с известни български писатели
Подзаглавни данни Роман
Редно поле (дума) Михаил Вешим; * Михаил Георгиев Мишев; с ил. Ивайло Нинов
257 ## - Страна на издаване
Страна на създаване/издаване България
260 ## - Област на издателските данни
Име на издателя, разпространителя и проч. Сиела Норма
Година на издаване 2020
Място на издаване, разпространение и проч. София
300 ## - Физическа характеристика
Страници 139 с.
Размери/Мащаб 21 см
380 ## - Жанр
Жанр Худож. лит.
500 ## - Общи забележки
Забележка Михаил Вешим - псевд. на Михаил Георгиев Мишев.
653 ## - Ключова дума – ненормативна
Ключова дума романи
653 ## - Ключова дума – ненормативна
Ключова дума сатира
700 1# - Други автори (авторска отговорност)
Лично име Мишев, Михаил Георгиев
Автороска отговорност (Описва отношението между автора и произведението) *
9 (RLIN) 372262
852 ## - Местоположение
Фондова буква Заемна - подръчен фонд
856 4# - Електронен адрес и достъп
Електронен формат pdf - файл
856 4# - Електронен адрес и достъп
Електронен формат pdf - файл
999 ## - СИСТЕМНИ КОНТРОЛНИ НОМЕРА
Koha biblionumber 392486
Koha biblioitemnumber 392486
942 ## - АРТИКУЛИ
Вид на библиотечния материал Книги
Скрит в OPAC Не
Koha issues (borrowed), all copies 39
Периодичен библиозапис Да
999 ## - СИСТЕМНИ КОНТРОЛНИ НОМЕРА
Koha biblioitemnumber 392486
944 ## - СЪЗДАВАНЕ И РЕДАКЦИЯ на ЗАПИСА
Служител, извършил регистрацията/редакцията 30530
Статус, дата на статуса Минев Младен
Наличности
Код за отписване Код за изгубен артикул Източник на класификационната схема Код за повреда Код за отдаване Артикулен № Име на библиотеката - собственик Име на библиотеката, в която се намира в момента Статус (Текущо местоположение) Дата на вписване в системата Местоположение - отдел Цена в лева Систематично азбучна сигнатура Баркод Цена в евро Служебен тип на артикула
  Не е изгубен Universal Decimal Classification Не е повреден заемане за дома 805929 Регионална библиотека "Любен Каравелов" Русе Регионална библиотека "Любен Каравелов" Русе Заемна - подръчен фонд 2020-12-18 Заемна - подръчен фонд 10.50 821.163.2-32/В 53 М 120000850240 5.37 Книги
Vip Innovations Ltd, Rousse, Bulgaria 2025